000 00438nam a2200181Ia 4500
005 20250423095604.0
008 250422s9999 xx 000 0 und d
020 _a9783075217
050 _aPR 9387.9 .E32 .H38/
100 _aEgwuda, Emeka
245 0 _aHaunted by yesterday
260 _aLagos
260 _bWhite Cock
260 _c2002
300 _a100 p
650 _a Prostitutes --Drama. Nigeria --Drama.
942 _cBK
999 _c30731
_d30731